Central Library OPAC University of Rajshahi

রবীন্দ্র ছোটগল্প সমীক্ষা / (Record no. 44492)

MARC details
000 -LEADER
fixed length control field 01084nam a2200265 a 4500
001 - CONTROL NUMBER
control field 44492
003 - CONTROL NUMBER IDENTIFIER
rucl marc code BD-RjUL
005 - DATE AND TIME OF LATEST TRANSACTION
control field 20251019113956.0
008 - FIXED-LENGTH DATA ELEMENTS--GENERAL INFORMATION
fixed length control field 160718s1969 bg ||||| |||| 001 1 ben d
020 ## - INTERNATIONAL STANDARD BOOK NUMBER
Terms of availability : PRs.7.00
035 ## - SYSTEM CONTROL NUMBER
System control number (BD-RjUL)44610
040 ## - CATALOGING SOURCE
Original cataloging agency BD-RjUL
Language of cataloging ben
Transcribing agency BD-RjUL
Modifying agency BD-RjUL
041 ## - LANGUAGE CODE
Language code of text/sound track or separate title ben
082 ## - DEWEY DECIMAL CLASSIFICATION NUMBER
Edition number 23
Classification number 891.44309
Author mark and year PAR 1969
100 ## - MAIN ENTRY--PERSONAL NAME
Personal name পাশা, আনোয়ার
9 (RLIN) 136549
245 10 - TITLE STATEMENT
Title রবীন্দ্র ছোটগল্প সমীক্ষা /
Statement of responsibility, etc. আনোয়ার পাশা
250 ## - EDITION STATEMENT
Edition statement ২য় সং.
260 ## - PUBLICATION, DISTRIBUTION, ETC. (IMPRINT)
Place of publication, distribution, etc. ঢাকা :
Name of publisher, distributor, etc. ষ্টুডেন্ট ওয়েজ;
-- ইস্ট বেঙ্গল পাবলিশার্স,
Date of publication, distribution, etc. ১৯৬৩,১৯৬৯
300 ## - PHYSICAL DESCRIPTION
Pagination খণ্ড;
Size ২৩ সেমি.
500 ## - GENERAL NOTE
General note নির্ঘন্ট সংযুক্ত
505 ## - FORMATTED CONTENTS NOTE
Formatted contents note খন্ড. ১. --
650 ## - SUBJECT ADDED ENTRY--TOPICAL TERM
Topical term or geographic name as entry element বাংলা ছোট গল্প
Form subdivision ইতিহাস ও সমালোচনা
9 (RLIN) 136550
Topical term or geographic name as entry element Bengali short stories
Form subdivision History and Criticism
9 (RLIN) 136551
942 ## - ADDED ENTRY ELEMENTS (KOHA)
Source of classification or shelving scheme Dewey Decimal Classification
Koha item type Books
Holdings
Lost status Source of classification or shelving scheme Damaged status Not for loan Collection code Permanent Location Current Location Shelving location Date acquired Source of acquisition Cost, normal purchase price Total Checkouts Full call number Date last seen Date checked out Copy number Koha item type
  Dewey Decimal Classification     Fiction Central Library, University of Rajshahi Central Library, University of Rajshahi   01/07/1973 Nowrose kitabitan, Dhaka. 7.00 15 B 891.44309 PAR V-1 1969 10/05/2026 07/05/2026 C-2 Books
  Dewey Decimal Classification     Fiction Central Library, University of Rajshahi Central Library, University of Rajshahi   23/06/1970 Pakistan book, Dhaka. 7.00 14 B 891.44309 PAR V-1 1969 03/07/2025 30/06/2025 C-3 Books
  Dewey Decimal Classification   Not For Loan Fiction Central Library, University of Rajshahi Central Library, University of Rajshahi Reading Room 23/06/1970 Pakistan book, Dhaka 7.00   B 891.44309 PAR V-1 1969 19/02/2017   C-1 Books
  Dewey Decimal Classification     Fiction Central Library, University of Rajshahi Central Library, University of Rajshahi General Stacks 21/01/1965 Ideal Library 5.00 4 B 891.44309 PAR V-1 1963 15/05/2025 04/05/2025 C-4 Books
  Dewey Decimal Classification     Fiction Central Library, University of Rajshahi Central Library, University of Rajshahi General Stacks 21/01/1965 Idial Library 5.00   B 891.44309 PAR V-1 1963 19/10/2025   C-5 Books